000 00484nam a2200181Ia 4500
005 20250923144317.0
008 008 250917s9999 xx 000 0 eng d
037 _aTextual
040 _aDSWL
_beng
_cDSWL
041 _aeng
_2eng
084 _qDSWL
100 _aSwartout, H.O.
_9823519
245 0 _aMoern medical counselor
_cby H.O. Swartout
260 _aCalifornia
_bPacific Press
_c1943
300 _a926 p.
942 _cTEXL
999 _c1437295
_d1437295